000 00899nam a2200205 i 4500
001 183317
003 ES-MaACL
005 20230906221849.0
008 140318s1841 fr |||| | fre d
110 1 _aRusia.
_9171513
245 1 0 _aCode civil de l'Empire de Russie /
_ctraduit sur les éditions officielles par un jurisconsulte russe et précédé d'un aperçu historique sur la législation de la Russie et l'organisation judiciaire de cet empire par M. Victor Foucher.
260 _aRennes :
_bBlin ;
_aParis :
_bJoubert,
_c1841.
300 _aCVIII,5 64 p. ;
_c22 cm.
490 1 _aCollection des lois civiles et criminelles des états modernes ;
_v8
650 4 _aDerecho civil-
_zRusia.
_9171512
700 1 _aFoucher, Victor.
_951926
830 1 _aCollection des lois civiles et criminelles des états modernes ;
_v8
_9191907
852 _aES-MaACL
_jG-3637
999 _c183317
_d183317